Geologic map of the Kaiser Peak quadrangle, Central Sierra Nevada, California /

Bibliographic Details
Corporate Author: Geological Survey (U.S.)
Other Authors: Bateman, Paul C., 1910-2007, Lockwood, John P., Lydon, Philip A.
Format: Government Document Map
Language:English
Published: Washington, D.C. : U.S. Geological Survey, 1971.
Series:Geologic quadrangle map ; GQ-894.
Subjects:

MARC

Tag First Indicator Second Indicator Subfields
LEADER 00000cem a2200000Ia 4500
001 in00002504321
005 20151201114158.0
006 aa b f000 0
007 aj canzn
008 890921s1971 dcuag a f 0 eng d
034 1 |a a  |b 62500  |d W1191500  |e W1190000  |f N0373000  |g N0371500 
035 |a (OCoLC)ocm20379894 
035 |a (OCoLC)20379894 
040 |a ZEM  |c ZEM  |d UUM  |d NMT  |d OCL  |d OCLCG  |d STF  |d UtOrBLW 
043 |a n-us-ca 
049 |a TXAM 
050 1 4 |a G3701.C5 svar  |b .G4, GQ-894 
052 |a 4363  |b F7  |b M1 
074 |a 0619-G-05 
086 0 |a I 19.88:GQ-894 
110 2 |a Geological Survey (U.S.) 
245 1 0 |a Geologic map of the Kaiser Peak quadrangle, Central Sierra Nevada, California /  |c by Paul C. Bateman, John P. Lockwood, and Phillip [as printed] A. Lydon. 
246 3 0 |a Kaiser Peak quadrangle, central Sierra Nevada, California 
255 |a Scale 1:62,500  |c (W 119⁰15ʹ00ʺ--W 119⁰00ʹ00ʺ/N 37⁰30ʹ00ʺ--N 37⁰15ʹ00ʺ) 
264 1 |a Washington, D.C. :  |b U.S. Geological Survey,  |c 1971. 
300 |a 1 map :  |b color ;  |c 45 x 36 cm., on sheet 58 x 69 cm., folded in envelope 30 x 24 cm. +  |e text (3 pages ; 27 cm.) 
336 |a cartographic image  |b cri  |2 rdacontent 
337 |a unmediated  |b n  |2 rdamedia 
338 |a sheet  |b nb  |2 rdacarrier 
490 1 |a Geologic quadrangle map ;  |v GQ-894 
500 |a Relief shown by contours and spot heights. 
500 |a "Geology mapped in 1963-64, 1967." 
500 |a Includes columnar sections, and quadrangle map. 
500 |a Separate sheet with text and bibliographies inserted in envelope. 
500 |a Cartographic material. 
650 0 |a Geology  |z California  |z Fresno County  |v Maps. 
650 0 |a Geology  |z California  |z Madera County  |v Maps. 
700 1 |a Bateman, Paul C.,  |d 1910-2007. 
700 1 |a Lockwood, John P. 
700 1 |a Lydon, Philip A. 
830 0 |a Geologic quadrangle map ;  |v GQ-894. 
994 |a C0  |b TXA 
948 |a cataloged  |b h  |c 2010/03/17  |e mvillare  |f 02:54:26 pm 
999 |a MARS 
999 f f |s f1b366ce-470f-3d6a-8737-c3b05da9acc5  |i f7ae7597-97e4-39e9-8352-151c31ae32dc  |t 0 
952 f f |p normal  |a Texas A&M University  |b College Station  |c Sterling C. Evans Library  |d Evans: Maps File (2nd floor)  |t 0  |e I 19.88:GQ-894  |h Superintendent of Documents classification  |i unmediated -- sheet  |m A14837784828 
998 f f |a I 19.88:GQ-894  |t 0  |l Evans: Maps File (2nd floor)